MARC details
| 000 -CABECERA |
| campo de control de longitud fija |
02499nam a22003493i 4500 |
| 001 - NÚMERO DE CONTROL |
| campo de control |
991027365320007026 |
| 003 - IDENTIFICADOR DEL NÚMERO DE CONTROL |
| campo de control |
UkOxU |
| 005 - FECHA Y HORA DE LA ÚLTIMA TRANSACCIÓN |
| campo de control |
20251023161613.0 |
| 006 - CÓDIGOS DE INFORMACIÓN DE LONGITUD FIJA--CARACTERÍSTICAS DEL MATERIAL ADICIONAL |
| campo de control de longitud fija |
m o d | |
| 007 - CAMPO FIJO DE DESCRIPCIÓN FÍSICA--INFORMACIÓN GENERAL |
| campo de control de longitud fija |
cr cnu|||||||| |
| 008 - DATOS DE LONGITUD FIJA--INFORMACIÓN GENERAL |
| campo de control de longitud fija |
220410s2020 xx o ||||0 eng d |
| 020 ## - NÚMERO INTERNACIONAL ESTÁNDAR DEL LIBRO |
| Número Internacional Estándar del Libro |
9781529424522 |
| 035 ## - NÚMERO DE CONTROL DEL SISTEMA |
| Número de control de sistema |
(MiAaPQ)EBC6946200 |
| 035 ## - NÚMERO DE CONTROL DEL SISTEMA |
| Número de control de sistema |
(Au-PeEL)EBL6946200 |
| 035 ## - NÚMERO DE CONTROL DEL SISTEMA |
| Número de control de sistema |
(CKB)21479220400041 |
| 035 ## - NÚMERO DE CONTROL DEL SISTEMA |
| Número de control de sistema |
(Exl-AI)6946200 |
| 035 ## - NÚMERO DE CONTROL DEL SISTEMA |
| Número de control de sistema |
(OCoLC)1314626906 |
| 035 ## - NÚMERO DE CONTROL DEL SISTEMA |
| Número de control de sistema |
(EXLCZ)9921479220400041 |
| 040 ## - FUENTE DE LA CATALOGACIÓN |
| Centro catalogador/agencia de origen |
MiAaPQ |
| Lengua de catalogación |
eng |
| Normas de descripción |
rda |
| -- |
pn |
| Centro/agencia transcriptor |
MiAaPQ |
| Centro/agencia modificador |
MiAaPQ |
| 041 ## - CÓDIGO DE LENGUA |
| Código de lengua del texto/banda sonora o título independiente |
eng |
| 050 #4 - SIGNATURA TOPOGRÁFICA DE LA BIBLIOTECA DEL CONGRESO |
| Número de clasificación |
ND1489 |
| Número de documento/Ítem |
H67 2005 |
| 100 ## - ENTRADA PRINCIPAL--NOMBRE DE PERSONA |
| Nombre de persona |
Hornung, David |
| 9 (RLIN) |
26298 |
| Término indicativo de función/relación |
author |
| 245 10 - MENCIÓN DE TÍTULO |
| Título |
Colour |
| Resto del título |
: a workshop for artists, designers. |
| 250 ## - MENCIÓN DE EDICIÓN |
| Mención de edición |
Third edition. |
| 260 ## - PUBLICACIÓN, DISTRIBUCIÓN, ETC. |
| Lugar de publicación, distribución, etc. |
London : |
| Nombre del editor, distribuidor, etc. |
Laurence King Publishing, |
| Fecha de publicación, distribución, etc. |
2020. |
| 300 ## - DESCRIPCIÓN FÍSICA |
| Extensión |
160 pages : |
| Otras características físicas |
illustrations (color) ; |
| Dimensiones |
28 cm. |
| 505 8# - NOTA DE CONTENIDO CON FORMATO |
| Nota de contenido con formato |
Foreword: Jennifer Maloney — Introduction — Part One: Seeing Color — The Visible Light Spectrum — How We Perceive Color — Color on the Computer Screen — The Effect of Light on Color Perception — Color Constancy — Part Two: First Principles — The Structure of Color — Hue — Value — Saturation — Color Range — Color Wheels — Color on the Computer Screen — Part Three: The Color Workshop — About the Workshop — Paint — Color Studies on the Computer — The Illustrated Glossary — Part Four: Beginning Color Studies — Chromatic Darks — Handmade Assignment 1: Exploring Co-primaries — Video: Beginning Color Studies: Painting Swatches — Altering Color Attributes Through Intermixing — Handmade Assignment 2–5: Saturation Studies. |
| 520 ## - SUMARIO, ETC. |
| Sumario, etc. |
David Hornung's 'Color: A Workshop for Artists and Designers' serves as a comprehensive guide to understanding and applying color principles in art and design. This third edition emphasizes practical exploration through a series of assignments that encourage both personal and formal comprehension of color. Aimed at artists, designers, and students, the book provides detailed instructions on color perception, interaction, and harmony, along with an illustrated glossary for mastering color terminology. The book's educational approach is grounded in Hornung's extensive studio and classroom experience, offering an accessible yet profound insight into color theory and its application. |
| 650 #0 - PUNTO DE ACCESO ADICIONAL DE MATERIA--TÉRMINO DE MATERIA |
| Término de materia o nombre geográfico como elemento de entrada |
Color in art |
| 9 (RLIN) |
26299 |
| 650 #0 - PUNTO DE ACCESO ADICIONAL DE MATERIA--TÉRMINO DE MATERIA |
| Término de materia o nombre geográfico como elemento de entrada |
Color in visual communication |
| 9 (RLIN) |
26300 |
| 942 ## - ELEMENTOS DE ENTRADA AGREGADA (KOHA) |
| Fuente del sistema de clasificación o colocación |
Clasificación de Library of Congress |